[Event "Karl Mala Memorial op 09th"]
[Site "Frankfurt"]
[Date "2005.07.31"]
[Round "6"]
[White "Ivanovic, Petar"]
[Black "Kuhn, Alena"]
[Result "1-0"]
[WhiteElo "1540"]
[BlackElo "1937"]
[PlyCount "75"]
[EventDate "2005.07.28"]
[EventType "swiss"]
[EventRounds "7"]
[EventCountry "GER"]
[SourceTitle "EXT 2006"]
[Source "ChessBase"]
[SourceDate "2005.11.24"]
[SourceVersion "1"]
[SourceVersionDate "2005.11.24"]
[SourceQuality "1"]

1. e4 e6 2. d4 d5 3. e5 c5 4. c3 Nc6 5. Nf3 Qb6 6. a3 c4 7. Qc2 Nge7 8. Be3 Nf5 9. Nbd2 Be7 10. Be2 Bd7 11. 0-0 0-0 12. Rab1 Na5 13. g4 Nxe3 14. fxe3 Rac8 15. h4 Nb3 16. g5 Ba4 17. Nxb3 Qxb3 18. Qd2 Qc2 19. Qe1 Qe4 20. Qf2 Bc2 21. Nd2 Qf5 22. Qg2 Bxb1 23. Rxf5 Bxf5 24. e4 Bxe4 25. Nxe4 dxe4 26. Qxe4 Rc6 27. Qe3 Rfc8 28. h5 Rb6 29. Qd2 Rb5 30. Bxc4 Rxc4 31. Qe2 Rxb2 32. Qxc4 Rb1+ 33. Kg2 Rb2+ 34. Kf3 Bxa3 35. g6 hxg6 36. hxg6 Rb1 37. Qa2 Rf1+ 38. Kg2 1-0

[Event "Karl Mala Memorial op 09th"]
[Site "Frankfurt"]
[Date "2005.07.29"]
[Round "2"]
[White "Minor, Samuel"]
[Black "Kuhn, Alena"]
[Result "1-0"]
[WhiteElo "2112"]
[BlackElo "1937"]
[PlyCount "37"]
[EventDate "2005.07.28"]
[EventType "swiss"]
[EventRounds "7"]
[EventCountry "GER"]
[SourceTitle "EXT 2006"]
[Source "ChessBase"]
[SourceDate "2005.11.24"]
[SourceVersion "1"]
[SourceVersionDate "2005.11.24"]
[SourceQuality "1"]

1. e4 e6 2. d4 d5 3. Nc3 Nf6 4. e5 Nfd7 5. Nce2 c5 6. f4 Nc6 7. Nf3 Qb6 8. c3 Be7 9. a3 a5 10. h4 0-0 11. f5 exf5 12. Nf4 Qd8 13. Nxd5 Nb6 14. Nxb6 Qxb6 15. d5 Rd8 16. c4 f4 17. Qc2 Nd4 18. Nxd4 cxd4 19. Bxf4 1-0

[Event "Hessen-ch U14/18 Girls"]
[Site "Bad Homburg"]
[Date "2005.??.??"]
[Round "3"]
[White "Kuhn, Alena"]
[Black "Wetzel, Carmen"]
[Result "1/2-1/2"]
[WhiteElo "1937"]
[BlackElo "1248"]
[PlyCount "34"]
[EventDate "2005.04.??"]
[EventType "swiss"]
[EventRounds "8"]
[EventCountry "GER"]
[SourceTitle "EXT 2007"]
[Source "ChessBase"]
[SourceDate "2006.11.23"]
[SourceVersion "1"]
[SourceVersionDate "2006.11.23"]
[SourceQuality "1"]

1. f4 d6 2. Nf3 Nf6 3. g3 g6 4. d3 Bg7 5. Bg2 Nc6 6. 0-0 Bg4 7. Nbd2 Nd5 8. Nc4 Bxf3 9. Bxf3 Nf6 10. c3 h5 11. e4 Qd7 12. Bg2 0-0-0 13. a4 d5 14. exd5 Nxd5 15. d4 h4 16. Ne5 Bxe5 17. dxe5 hxg3 1/2-1/2

[Event "Hessen-ch U14/18 Girls"]
[Site "Bad Homburg"]
[Date "2005.??.??"]
[Round "6"]
[White "Popovic, Nathalie"]
[Black "Kuhn, Alena"]
[Result "1-0"]
[WhiteElo "1560"]
[BlackElo "1937"]
[PlyCount "63"]
[EventDate "2005.04.??"]
[EventType "swiss"]
[EventRounds "8"]
[EventCountry "GER"]
[SourceTitle "EXT 2007"]
[Source "ChessBase"]
[SourceDate "2006.11.23"]
[SourceVersion "1"]
[SourceVersionDate "2006.11.23"]
[SourceQuality "1"]

1. d4 f5 2. e4 fxe4 3. Nc3 Nf6 4. Bg5 Nc6 5. Bxf6 exf6 6. Nxe4 f5 7. Ng3 g6 8. Nf3 Bg7 9. Bb5 0-0 10. 0-0 d6 11. Re1 Bd7 12. Bc4+ Kh8 13. Qd2 Qf6 14. c3 Rae8 15. h4 h6 16. Ne2 Nd8 17. Nf4 Bc6 18. d5 Bd7 19. h5 Rxe1+ 20. Rxe1 Be8 21. hxg6 Bxg6 22. Nxg6+ Qxg6 23. Re7 Rf7 24. Qe3 Qf6 25. Rxf7 Qxf7 26. Qxa7 Qe7 27. Bd3 f4 28. Qa4 Be5 29. Qe4 b6 30. Qg6 Qg7 31. Qe8+ Qg8 32. Qd7 1-0

[Event "Rhein Main op 07th"]
[Site "Bad Homburg"]
[Date "2004.06.13"]
[Round "7.55"]
[White "Sprandl, Manfred"]
[Black "Kuhn, Alena"]
[Result "0-1"]
[WhiteElo "1553"]
[BlackElo "1423"]
[PlyCount "44"]
[EventDate "2004.06.09"]
[EventType "swiss"]
[EventRounds "7"]
[EventCountry "GER"]
[SourceTitle "CBM 100 Extra"]
[Source "ChessBase"]
[SourceDate "2004.07.06"]
[SourceVersion "2"]
[SourceVersionDate "2004.07.06"]
[SourceQuality "1"]

1. d4 f5 2. Nc3 Nf6 3. Bf4 g6 4. e3 Bg7 5. Nf3 0-0 6. Nb5 Na6 7. Nc3 d6 8. Bxa6 bxa6 9. Qd3 Rb8 10. Na4 Kh8 11. c4 Qe8 12. b3 Nh5 13. Bg3 e5 14. dxe5 dxe5 15. Qd2 f4 16. Bh4 h6 17. Rd1 e4 18. Nd4 g5 19. exf4 gxh4 20. Ne2 Bg4 21. h3 Bxe2 22. Qxe2 Nxf4 0-1

[Event "Rhein Main op 07th"]
[Site "Bad Homburg"]
[Date "2004.06.12"]
[Round "5.48"]
[White "Kretner, Georg Ulrich"]
[Black "Kuhn, Alena"]
[Result "1-0"]
[WhiteElo "1701"]
[BlackElo "1423"]
[PlyCount "49"]
[EventDate "2004.06.09"]
[EventType "swiss"]
[EventRounds "7"]
[EventCountry "GER"]
[SourceTitle "CBM 100 Extra"]
[Source "ChessBase"]
[SourceDate "2004.07.06"]
[SourceVersion "2"]
[SourceVersionDate "2004.07.06"]
[SourceQuality "1"]

1. d4 f5 2. g3 Nf6 3. Bg2 g6 4. Nf3 Bg7 5. 0-0 0-0 6. c4 d6 7. Nc3 Qe8 8. Re1 c6 9. e4 fxe4 10. Nxe4 Qf7 11. Qb3 Nxe4 12. Rxe4 Nd7 13. Bg5 Nf6 14. Re2 Be6 15. Nd2 Ng4 16. Qxb7 Bxd4 17. Qxe7 Bxf2+ 18. Kh1 Bxc4 19. Nxc4 Qxc4 20. Rc1 Qd3 21. Qe6+ Rf7 22. Qxg4 d5 23. Qe6 Raf8 24. Rxf2 Qd4 25. Rcf1 1-0

[Event "Rhein Main op 07th"]
[Site "Bad Homburg"]
[Date "2004.06.12"]
[Round "6.53"]
[White "Kuhn, Alena"]
[Black "Arvin, Manutschehr"]
[Result "1/2-1/2"]
[WhiteElo "1423"]
[BlackElo "1644"]
[PlyCount "65"]
[EventDate "2004.06.09"]
[EventType "swiss"]
[EventRounds "7"]
[EventCountry "GER"]
[SourceTitle "CBM 100 Extra"]
[Source "ChessBase"]
[SourceDate "2004.07.06"]
[SourceVersion "2"]
[SourceVersionDate "2004.07.06"]
[SourceQuality "1"]

1. f4 e6 2. Nf3 d5 3. g3 Nf6 4. Bg2 Bd7 5. 0-0 Be7 6. d3 0-0 7. Qe1 Bc5+ 8. Kh1 Nc6 9. e4 Qe7 10. h3 dxe4 11. dxe4 e5 12. f5 Nd4 13. Nxd4 Bxd4 14. g4 Bb5 15. Rf3 Rad8 16. g5 Nh5 17. Nc3 Bc6 18. Rf1 Qd7 19. Qh4 g6 20. f6 Bxc3 21. bxc3 Bb5 22. Re1 Qc6 23. Ba3 Rfe8 24. Bb4 Re6 25. Bf3 Nxf6 26. gxf6 Rxf6 27. Be7 Rf4 28. Qf2 Qxc3 29. Qe3 Rxf3 30. Qxc3 Rxc3 31. Bxd8 Rxh3+ 32. Kg2 Rc3 33. Rac1 1/2-1/2

[Event "Rhein Main op 07th"]
[Site "Bad Homburg"]
[Date "2004.06.10"]
[Round "2.36"]
[White "Kuhn, Alena"]
[Black "Schimmer, Michael"]
[Result "1/2-1/2"]
[WhiteElo "1423"]
[BlackElo "1722"]
[PlyCount "53"]
[EventDate "2004.06.09"]
[EventType "swiss"]
[EventRounds "7"]
[EventCountry "GER"]
[SourceTitle "CBM 100 Extra"]
[Source "ChessBase"]
[SourceDate "2004.07.06"]
[SourceVersion "2"]
[SourceVersionDate "2004.07.06"]
[SourceQuality "1"]

1. f4 g6 2. Nf3 Bg7 3. g3 Nf6 4. Bg2 0-0 5. 0-0 d5 6. d3 c6 7. Qe1 Qb6+ 8. Kh1 Ng4 9. c3 Ne3 10. Bxe3 Qxe3 11. Na3 Nd7 12. Nc2 Qb6 13. Rb1 a5 14. e4 Nc5 15. Qe2 dxe4 16. dxe4 Rd8 17. Ncd4 Ne6 18. e5 Nxd4 19. Nxd4 c5 20. Nf3 Bf5 21. Rbd1 Rxd1 22. Rxd1 Rd8 23. Rxd8+ Qxd8 24. Nd2 b6 25. Ne4 Qd7 26. Kg1 f6 27. exf6 1/2-1/2

[Event "GER-ch U14 Girls"]
[Site "Willingen"]
[Date "2004.06.01"]
[Round "5"]
[White "Kuhn, Alena"]
[Black "Wolf, Carolin"]
[Result "1/2-1/2"]
[WhiteElo "1401"]
[BlackElo "1530"]
[PlyCount "47"]
[EventDate "2004.06.??"]
[EventType "swiss"]
[EventRounds "9"]
[EventCountry "GER"]
[SourceTitle "EXT 2005"]
[Source "ChessBase"]
[SourceDate "2004.11.15"]
[SourceVersion "1"]
[SourceVersionDate "2004.11.15"]
[SourceQuality "1"]

1. e4 d5 2. exd5 Nf6 3. d4 Nxd5 4. Nf3 Bg4 5. Be2 e6 6. Ne5 Bxe2 7. Qxe2 Nd7 8. 0-0 Bd6 9. c4 Ne7 10. Nxd7 Bxh2+ 11. Kxh2 Qxd7 12. Rd1 0-0-0 13. Nc3 h5 14. Kg1 h4 15. Qg4 h3 16. gxh3 Nf5 17. Be3 Rh4 18. Qg2 Rdh8 19. Ne4 Nd6 20. Nxd6+ Qxd6 21. Rac1 Rxh3 22. Bg5 Rh2 23. Qe4 f5 24. Qe5 1/2-1/2

[Event "GER-ch U14 Girls"]
[Site "Willingen"]
[Date "2004.05.30"]
[Round "2"]
[White "Erben, Larissa"]
[Black "Kuhn, Alena"]
[Result "1-0"]
[WhiteElo "1651"]
[BlackElo "1401"]
[PlyCount "93"]
[EventDate "2004.06.??"]
[EventType "swiss"]
[EventRounds "9"]
[EventCountry "GER"]
[SourceTitle "EXT 2005"]
[Source "ChessBase"]
[SourceDate "2004.11.15"]
[SourceVersion "1"]
[SourceVersionDate "2004.11.15"]
[SourceQuality "1"]

1. e4 e6 2. d4 d5 3. exd5 exd5 4. Nf3 Bd6 5. c4 Nf6 6. Nc3 0-0 7. c5 Be7 8. Bd3 Bg4 9. h3 Bh5 10. g4 Bg6 11. Bxg6 hxg6 12. 0-0 Nc6 13. Bg5 Re8 14. Re1 Qd7 15. Ne5 Nxe5 16. Rxe5 c6 17. Qe2 Bd8 18. Re1 Bc7 19. Re3 Rxe3 20. Bxe3 Re8 21. Qf3 Ne4 22. Bc1 Nxc3 23. Qxc3 Re6 24. Rxe6 Qxe6 25. Qe3 Qxe3 26. Bxe3 Kf8 27. b4 a6 28. Kg2 Ke7 29. Kf3 Ke6 30. Bf4 Bxf4 31. Kxf4 f6 32. h4 Ke7 33. h5 Kf7 34. f3 gxh5 35. gxh5 g6 36. Kg4 Kg7 37. hxg6 Kxg6 38. Kf4 Kg7 39. Kf5 Kf7 40. f4 Ke7 41. Kg6 Ke6 42. f5+ Ke7 43. a3 Kf8 44. Kxf6 Ke8 45. Kg7 Ke7 46. f6+ Ke8 47. f7+ 1-0

[Event "Bad Zwesten op 8th"]
[Site "Bad Zwesten"]
[Date "2004.01.07"]
[Round "9"]
[White "Wich, Manuela"]
[Black "Kuhn, Alena"]
[Result "1/2-1/2"]
[WhiteElo "1312"]
[BlackElo "1522"]
[PlyCount "42"]
[EventDate "2004.01.??"]
[EventType "swiss"]
[EventRounds "9"]
[EventCountry "GER"]
[SourceTitle "CBM 098 Extra"]
[Source "ChessBase"]
[SourceDate "2004.03.10"]
[SourceVersion "2"]
[SourceVersionDate "2004.03.10"]
[SourceQuality "1"]

1. e4 e6 2. d4 d5 3. Nd2 Nf6 4. e5 Nfd7 5. Ngf3 c5 6. c3 Nc6 7. Be2 Qb6 8. Nb3 a5 9. Be3 cxd4 10. Bxd4 Nxd4 11. Qxd4 a4 12. Qxb6 Nxb6 13. Nbd4 Bd7 14. 0-0-0 Rc8 15. Kd2 Nc4+ 16. Bxc4 Rxc4 17. b3 axb3 18. axb3 Rc8 19. Ra1 Be7 20. Ra7 Bc6 21. Nxc6 bxc6 1/2-1/2

[Event "Bad Zwesten op 8th"]
[Site "Bad Zwesten"]
[Date "2004.01.03"]
[Round "2"]
[White "Lauer, Boris"]
[Black "Kuhn, Alena"]
[Result "1-0"]
[WhiteElo "2030"]
[BlackElo "1522"]
[PlyCount "37"]
[EventDate "2004.01.??"]
[EventType "swiss"]
[EventRounds "9"]
[EventCountry "GER"]
[SourceTitle "CBM 098 Extra"]
[Source "ChessBase"]
[SourceDate "2004.03.10"]
[SourceVersion "2"]
[SourceVersionDate "2004.03.10"]
[SourceQuality "1"]

1. d4 f5 2. Nf3 Nf6 3. c4 g6 4. Nc3 d6 5. Bg5 Bg7 6. e3 0-0 7. Bxf6 Bxf6 8. h4 h6 9. Qb3 c6 10. Be2 Qe8 11. Rd1 e5 12. c5+ d5 13. dxe5 Bxe5 14. Nxd5 cxd5 15. Qxd5+ Kh7 16. Nxe5 Nc6 17. Nxc6 bxc6 18. Qd6 Be6 19. Bf3 1-0

[Event "Bad Zwesten op 8th"]
[Site "Bad Zwesten"]
[Date "2004.01.02"]
[Round "1"]
[White "Kuhn, Alena"]
[Black "Feicht, Arno"]
[Result "0-1"]
[WhiteElo "1522"]
[BlackElo "2132"]
[PlyCount "34"]
[EventDate "2004.01.??"]
[EventType "swiss"]
[EventRounds "9"]
[EventCountry "GER"]
[SourceTitle "CBM 098 Extra"]
[Source "ChessBase"]
[SourceDate "2004.03.10"]
[SourceVersion "2"]
[SourceVersionDate "2004.03.10"]
[SourceQuality "1"]

1. f4 e5 2. fxe5 Nc6 3. Nf3 g5 4. d4 g4 5. Ng5 d5 6. exd6 Qxd6 7. c3 f5 8. Qb3 Nd8 9. e4 h6 10. Bc4 hxg5 11. Bxg8 Rxh2 12. Rxh2 Qxh2 13. Kf2 g3+ 14. Kf3 g4+ 15. Ke2 Bh6 16. Kd3 fxe4+ 17. Kxe4 Qxg2+ 0-1

[Event "GER-ch Lands U20"]
[Site "Kassel"]
[Date "2003.10.22"]
[Round "5.7"]
[White "Kuhn, Alena"]
[Black "Soeroes, Martin Wolfgang"]
[Result "1-0"]
[WhiteElo "1522"]
[BlackElo "1656"]
[PlyCount "57"]
[EventDate "2003.10.19"]
[EventType "team"]
[EventRounds "7"]
[EventCountry "GER"]
[SourceTitle "EXT 2004"]
[Source "ChessBase"]
[SourceDate "2003.11.25"]
[SourceVersion "1"]
[SourceVersionDate "2003.11.25"]
[SourceQuality "1"]

1. f4 d5 2. Nf3 c6 3. g3 g6 4. Bg2 Bg7 5. 0-0 Nf6 6. d3 Bf5 7. h3 h5 8. Qe1 Qc8 9. Kh2 Nbd7 10. Nh4 Nf8 11. e4 dxe4 12. dxe4 Bd7 13. f5 N6h7 14. Na3 g5 15. Nf3 g4 16. Nh4 Qc7 17. c3 0-0-0 18. Bf4 Be5 19. Bxe5 Qxe5 20. Nc4 Qc5 21. Qe2 gxh3 22. Bxh3 Ng5 23. Bg2 Be8 24. b4 Qb6 25. a4 Qa6 26. Rfb1 Kb8 27. b5 cxb5 28. axb5 Qh6 29. Qa2 1-0

[Event "GER-ch Lands U20"]
[Site "Kassel"]
[Date "2003.10.20"]
[Round "3.7"]
[White "Friedt, Edmund"]
[Black "Kuhn, Alena"]
[Result "1-0"]
[WhiteElo "1303"]
[BlackElo "1522"]
[PlyCount "53"]
[EventDate "2003.10.19"]
[EventType "team"]
[EventRounds "7"]
[EventCountry "GER"]
[SourceTitle "EXT 2004"]
[Source "ChessBase"]
[SourceDate "2003.11.25"]
[SourceVersion "1"]
[SourceVersionDate "2003.11.25"]
[SourceQuality "1"]

1. e4 e6 2. d4 d5 3. exd5 exd5 4. Nc3 Bf5 5. Nf3 c6 6. Bd3 Bxd3 7. Qxd3 Bd6 8. Bg5 Qc7 9. 0-0-0 Ne7 10. Rde1 0-0 11. h4 h6 12. Be3 Nd7 13. g4 Bf4 14. h5 b5 15. g5 Bxe3+ 16. Rxe3 Qf4 17. Kb1 Nf5 18. Ne2 Qg4 19. Rg1 Nxe3 20. Rxg4 Nxg4 21. Qf5 Rfe8 22. Qxd7 Rxe2 23. Qxg4 Rxf2 24. a3 hxg5 25. Nxg5 Rh2 26. Nxf7 Rh1+ 27. Ka2 1-0

[Event "Dortmund op-B"]
[Site "Dortmund"]
[Date "2003.08.02"]
[Round "2"]
[White "Kuhn, Alena"]
[Black "Knickel, Juergen"]
[Result "1-0"]
[WhiteElo "1513"]
[BlackElo "1631"]
[PlyCount "40"]
[EventDate "2003.08.01"]
[EventType "swiss"]
[EventRounds "9"]
[EventCountry "GER"]
[SourceTitle "CBM 095 Extra"]
[Source "ChessBase"]
[SourceDate "2003.09.04"]
[SourceVersion "1"]
[SourceVersionDate "2003.09.04"]
[SourceQuality "1"]

1. f4 d5 2. Nf3 Nf6 3. g3 e5 4. Bg2 Bc5 5. e3 Bd7 6. 0-0 Bb5 7. d3 Nbd7 8. Qe1 0-0 9. a4 Bc6 10. b4 Bxb4 11. Qxb4 a5 12. Qe1 Nc5 13. Nc3 Qe8 14. Ba3 b6 15. Bxc5 bxc5 16. Nxe5 Bb7 17. Nb5 Qe7 18. g4 c6 19. Nc3 Qd6 20. Qh4 g6 1-0

[Event "GER-ch U12"]
[Site "Winterberg"]
[Date "2002.05.25"]
[Round "11"]
[White "Kickert, Germaine Helene"]
[Black "Kuhn, Alena"]
[Result "1/2-1/2"]
[WhiteElo "1032"]
[BlackElo "1215"]
[PlyCount "46"]
[EventDate "2002.05.19"]
[EventType "swiss"]
[EventRounds "11"]
[EventCountry "GER"]
[SourceTitle "CBM 088 Extra"]
[Source "ChessBase"]
[SourceDate "2002.07.01"]
[SourceVersion "2"]
[SourceVersionDate "2002.07.01"]
[SourceQuality "1"]

1. e4 e6 2. d4 d5 3. Nc3 Nf6 4. Bg5 Be7 5. Bxf6 Bxf6 6. e5 Be7 7. Bd3 c5 8. dxc5 Bxc5 9. Nge2 Nc6 10. f4 0-0 11. Qd2 Bd7 12. 0-0-0 Nb4 13. Kb1 a5 14. g4 Nxd3 15. Qxd3 Qb6 16. Nd4 f6 17. exf6 Rxf6 18. Nce2 a4 19. h4 a3 20. b3 Bxd4 21. Qxd4 Qxd4 22. Rxd4 Rc8 23. Rb4 Rc7 1/2-1/2

[Event "GER-ch U12"]
[Site "Winterberg"]
[Date "2002.05.24"]
[Round "10"]
[White "Kuhn, Alena"]
[Black "Goellner, Stefanie"]
[Result "1/2-1/2"]
[WhiteElo "1215"]
[BlackElo "924"]
[PlyCount "47"]
[EventDate "2002.05.19"]
[EventType "swiss"]
[EventRounds "11"]
[EventCountry "GER"]
[SourceTitle "CBM 088 Extra"]
[Source "ChessBase"]
[SourceDate "2002.07.01"]
[SourceVersion "2"]
[SourceVersionDate "2002.07.01"]
[SourceQuality "1"]

1. Nf3 Nc6 2. g3 e5 3. d3 d5 4. Bg2 Nf6 5. 0-0 Bf5 6. Nbd2 Bd6 7. Nh4 Qd7 8. Nxf5 Qxf5 9. e4 dxe4 10. Nxe4 Qe6 11. Be3 0-0 12. h3 a5 13. Kh2 h6 14. Qd2 Nd5 15. Nc5 Bxc5 16. Bxc5 Rfd8 17. Rh1 b6 18. Ba3 b5 19. b3 b4 20. Bb2 Nd4 21. Rhe1 Qf6 22. Bxd4 exd4 23. Qe2 Nc3 24. Qf3 1/2-1/2

[Event "GER-ch U12"]
[Site "Winterberg"]
[Date "2002.05.20"]
[Round "4"]
[White "Kuhn, Alena"]
[Black "Vollak, Marleen"]
[Result "0-1"]
[WhiteElo "1215"]
[BlackElo "1298"]
[PlyCount "22"]
[EventDate "2002.05.19"]
[EventType "swiss"]
[EventRounds "11"]
[EventCountry "GER"]
[SourceTitle "CBM 088 Extra"]
[Source "ChessBase"]
[SourceDate "2002.07.01"]
[SourceVersion "2"]
[SourceVersionDate "2002.07.01"]
[SourceQuality "1"]

1. e3 e5 2. d4 Nc6 3. Nf3 d6 4. d5 Nce7 5. e4 f5 6. Nbd2 Nf6 7. Bd3 fxe4 8. Bxe4 Nexd5 9. 0-0 Bg4 10. Bxd5 Nxd5 11. Ne4 Nb6 0-1

[Event "MVS Bezirks-ch"]
[Site "Bad Soden Salmuenster"]
[Date "2001.11.25"]
[Round "7"]
[White "Mainka, Susanne"]
[Black "Kuhn, Alena"]
[Result "1-0"]
[WhiteElo "1201"]
[BlackElo "1066"]
[PlyCount "105"]
[EventDate "2001.11.??"]
[EventType "swiss"]
[EventRounds "7"]
[EventCountry "GER"]
[SourceTitle "EXT 2004"]
[Source "ChessBase"]
[SourceDate "2003.11.25"]
[SourceVersion "1"]
[SourceVersionDate "2003.11.25"]
[SourceQuality "1"]

1. d4 d5 2. e3 e6 3. c4 c6 4. a3 f5 5. Nf3 Nf6 6. Be2 Bd6 7. 0-0 0-0 8. c5 Bc7 9. Nbd2 Ne4 10. Nxe4 fxe4 11. Ne5 Nd7 12. f3 Nxe5 13. dxe5 exf3 14. Bxf3 Bxe5 15. Rb1 Rf6 16. b4 Qc7 17. h3 Bd7 18. Rb3 Raf8 19. Rd3 g6 20. e4 Bf4 21. Bb2 R6f7 22. Qe2 Qd8 23. Qf2 Qg5 24. Qd4 e5 25. Qf2 d4 26. h4 Qg3 27. Qxg3 Bxg3 28. Bc1 Bxh4 29. Bh6 Re8 30. Be2 Rxf1+ 31. Bxf1 Re6 32. g3 Be7 33. Bh3 g5 34. Bxe6+ Bxe6 35. Rf3 Bg4 36. Rf2 d3 37. Kf1 d2 38. Rxd2 Kf7 39. Rf2+ Kg6 40. Bf8 Bxf8 41. Rxf8 h5 42. Rb8 Bf3 43. Rg8+ Kh6 44. Re8 Bxe4 45. Rxe5 Bd5 46. Re7 h4 47. gxh4 gxh4 48. Kg1 Kh5 49. Kh2 Kg4 50. Rxb7 a6 51. a4 Bc4 52. Rb6 Bd3 53. Rxc6 1-0

[Event "GER-ch U12"]
[Site "Willingen"]
[Date "2001.06.08"]
[Round "9"]
[White "Bodenschatz, Monique"]
[Black "Kuhn, Alena"]
[Result "1-0"]
[WhiteElo "1131"]
[BlackElo "1060"]
[PlyCount "57"]
[EventDate "2001.06.03"]
[EventType "swiss"]
[EventRounds "11"]
[EventCountry "GER"]
[SourceTitle "EXT 2003"]
[Source "ChessBase"]
[SourceDate "2002.11.25"]
[SourceVersion "1"]
[SourceVersionDate "2002.11.25"]
[SourceQuality "1"]

1. e4 e6 2. d4 d5 3. Nc3 c5 4. Nf3 Nc6 5. Bb5 Qd7 6. Ne5 Qd6 7. Qf3 cxd4 8. Nxf7 Qc5 9. Bxc6+ bxc6 10. Ne2 dxe4 11. Qf4 Ba6 12. Nxh8 Nf6 13. Qd2 d3 14. Nf4 Qd6 15. 0-0 Ng4 16. cxd3 g5 17. Qd1 Nf6 18. Nh3 g4 19. Bg5 Qe5 20. Bxf6 Qxf6 21. Qxg4 Bxd3 22. Rfe1 0-0-0 23. Ng5 Bc4 24. Rac1 Bd5 25. Nxe6 Bxe6 26. Rxc6+ Kd7 27. Qxe4 Re8 28. Rd1+ Ke7 29. Rc7# 1-0